Music Quiz

Random Music or Kpop Quiz
Score 0/50 Timer 20:00
0 Plays Today
% Correct
BTS
98%
VIXX
94.1%
Exo
92.2%
NCT 127
92.2%
TXT
90.2%
AB6IX
84.3%
Oh My Girl
84.3%
Seventeen
80.4%
Monsta X
78.4%
Jonghyun
74.5%
Red Velvet
74.5%
AOA
66.7%
Beast
66.7%
Block B
64.7%
Boyfriend
64.7%
G-Dragon
64.7%
Pentagon
64.7%
Winner
62.7%
Taeyeon
62.7%
Got7
62.7%
Orange Caramel
62.7%
Sistar
62.7%
DIA
60.8%
Day6
58.8%
2NE1
58.8%
% Correct
After School
56.9%
Dreamcatcher
56.9%
iKon
54.9%
B.A.P
54.9%
Exid
52.9%
Gfriend
52.9%
Astro
52.9%
Key
52.9%
Miss A
52.9%
Bobby
51%
Mino
51%
Apink
51%
Lovelyz
51%
Mamamoo
49%
Taeyang
49%
Infinite
47.1%
Golden Child
47.1%
Hyolyn
47.1%
BtoB
45.1%
B1A4
45.1%
Lee Hi
45.1%
Ailee
45.1%
UP10TION
45.1%
Berry Good
41.2%
Dal Shabet
41.2%
Remove Ads.
Support Sporcle.
Get the best of Sporcle when you Go Orange. This ad-free experience offers more features, more stats, and more fun while also helping to support Sporcle. Thank you for becoming a member.

You're not logged in!

Compare scores with friends on all Sporcle quizzes.
OR
Log In

Sporcle TV

Today on Sporcle TV


Watch our educational content, quiz creation guides, and fun videos on Sporcle TV.

Show Comments

Extras

Created May 8, 2020ReportNominate
Tags:Kpop Quiz

Top Quizzes Today


Score Distribution

Paid Content

Your Account Isn't Verified!

In order to create a playlist on Sporcle, you need to verify the email address you used during registration. Go to your Sporcle Settings to finish the process.

Report this User

Report this user for behavior that violates our Community Guidelines.

Details: